000 00612nam a2200241Ia 4500
003 OSt
005 20221007080015.0
006 a|||||r|||| 00| 0
007 ta
008 221006b |||||||| |||| 00| 0 eng d
024 _a41,266
037 _cTextual
040 _aFLL
_cFLL
_beng
041 _2eng
_aeng
082 _aZ,91, Q4
100 _aKoul A.K.
_9565106
245 0 _aTextbook of jurisprudence
250 _a2nd
260 _aNew Delhi
_bSatyam Law International India
_c2014
300 _avi,424p
_ccm.
942 _hZ,91, Q4
_cTEXL
_2CC
999 _c1158094
_d1158094